| 000 | 00711nam a22001577a 4500 | ||
|---|---|---|---|
| 003 | OSt | ||
| 005 | 20150919161708.0 | ||
| 008 | 150919b xxu||||| |||| 00| 0 eng d | ||
| 040 | _cRUA | ||
| 082 | _aAGR LIM 2008 B037 Or.1 | ||
| 100 |
_9888 _aLIM, SOPHORNTHIDA. |
||
| 245 | _ausing organic fertilizer on bunching onion at crop stationof royal university of agriculture ( ការប្រើប្រាស់ជីធម្មជាតិលើដំណាំខ្ទឹមស្លឹក នៅស្តានីយ៍ដំណាំនៃសាកលវិទ្យាល័យភូមិន្ទកសិកម្ម) | ||
| 260 |
_aPhnom Penh _bRUA _c2008 |
||
| 300 |
_a52p. _bill. _c29cm. |
||
| 942 |
_2ddc _cAGR |
||
| 999 |
_c856 _d856 |
||